01128nam a2200217Ia 4500008004100000020001500041041001200056082001600068100001700084245005200101260002500153300001000178650000700188700001600195942000700211999001500218952016100233952017200394952017200566952017200738221030s9999 xx 000 0 und d a0070583692 aEnglish a105.23bRaj aV. Rajendran 0aMaterials Sciencecby V. Rajendran, A. Marikani bTMHaNew Delhic2005 a24.10 aEE aA. Marikani cBK c3903d3903 pBE 8206g185.00l0o105.23 Rajr2024-06-13 00:00:00w2022-10-30yBK003Print4071aMIETLIBbMIETLIBcBL-Second, FL-1, CUP-79, SH-3, R-3d2006-10-1810HBE pBE 8207g185.00l0o105.23 Rajr2024-06-13 00:00:00w2022-10-30yBK003Print4070aMIETLIBbMIETLIBcBL-Academic Block C, FL-2, CUP-131, SH-1, R-1d2006-10-1810HBE pBE 8208g185.00l0o105.23 Rajr2024-06-13 00:00:00w2022-10-30yBK003Print4070aMIETLIBbMIETLIBcBL-Academic Block C, FL-2, CUP-131, SH-1, R-1d2006-10-1810HBE pBE 8209g185.00l0o105.23 Rajr2024-06-13 00:00:00w2022-10-30yBK003Print4070aMIETLIBbMIETLIBcBL-Academic Block C, FL-2, CUP-131, SH-1, R-1d2006-10-1810HBE